[Event "Michigan Open Reserve"]
[Site "Lansing, MI"]
[Date "2002.09.02"]
[Round "7.28"]
[White "Cendrowski, Chris"]
[Black "Vorhauer, Sam"]
[Result "1-0"]
[WhiteElo "1461"]
[BlackElo "1381"]
[Annotator "Don Vandivier"]
[PlyCount "91"]
[EventDate "2002.08.30"]

{French: Rubinstein} 1. e4 e6 2. d4 d5 3. Nc3 dxe4 4. Nxe4 Nf6 5. Bd3 Be7 6.
Nf3 Nbd7 7. Qe2 Nxe4 8. Bxe4 c6 $6 ({Black doesn't need to worry about the
scope of the white-squared bishop. The book variation is to play} 8... c5 $1 {
with counterplay.}) 9. h4 $6 {Sensible development is much better for White at
this point.} Nf6 10. Bd3 Bd6 11. c3 h6 12. Bd2 Qc7 13. O-O-O Bd7 14. Ne5 Bxe5
15. dxe5 Nd5 16. g4 a5 $6 {WHOA! Black could get an even game by simply
castling queen-side and White has a small advantage. After this move, I wonder
where Black intends to put his king?} 17. f4 $6 {White doesn't take advantage
of Black's inaccuracy. White should strike while the Black king is still in
the center:} (17. g5 $1 {would cause problems for Black.}) 17... b5 18. h5 $6 {
Again, White misses his opportunity with g5, although it is not as strong as
it would have been if played a move earlier.} Qb7 19. g5 Ne7 20. g6 $6 {White
botches any attack he may have had. Black can now castle king-side when White
will not be able to open any lines without sacrificing a piece - which would
prove unsound with correct play. Meanwhile Black could continue his pawn storm
on the queen-side.} Nf5 $4 {What was Black thinking?} 21. Bxf5 exf5 22. gxf7+
Kxf7 23. Qg2 {As far as I'm concerned, the game is over at this point!} g5 24.
hxg6+ Kg7 25. Be3 $6 (25. Be1 Be6 26. Bh4 Rhg8 27. Bf6+) 25... Be6 26. Qh3 Rae8
27. Bc5 $6 (27. Bf2 {threatening} -- 28. Bh4 {and} -- 29. Bf6+ {is still the
strongest line of play for White.}) 27... Qc8 28. Kb1 Bd5 29. Qh4 $6 (29. e6 $1
{is crushing.}) 29... Qe6 30. Rh3 Qd7 31. Qf6+ Kg8 32. Rd2 $6 (32. g7 $1 {is
crushing! The check on e4 does nothing but get Black into more trouble.} Qxg7
33. Rg1 Be4+ 34. Kc1 Bg2 35. Qh4) 32... Qe6 33. Rdh2 Qxf6 34. exf6 Re1+ 35. Kc2
Be4+ 36. Kd2 Rb1 37. f7+ ({Much stronger is} 37. Rxh6 $1 Rxb2+ 38. Ke3 Rxh2 39.
Rxh2 Rxh2 40. f7+ Kg7 41. f8=Q+ {with Mate in 5}) 37... Kg7 38. Bd4+ Kf8 $2 {
Black's still fighting after} (38... Kxg6 39. Bxh8 Rxb2+ 40. Ke3 Rxh2 41. f8=Q
(41. Rxh2 Kxf7) 41... Rxh3+ 42. Kd4 Kh5) 39. Bxh8 Rxb2+ 40. Ke3 Rb1 41. Rxh6
Rd1 42. Rd2 Re1+ 43. Kf2 Bd5 44. Kxe1 Ke7 45. Rxd5 cxd5 46. Bg7 1-0

[Event "Michigan Open Booster"]
[Site "Lansing, MI"]
[Date "2002.09.02"]
[Round "6.14"]
[White "Carter, Ashley"]
[Black "Johnson, David"]
[Result "1/2-1/2"]
[WhiteElo "886"]
[BlackElo "429"]
[Annotator "Marshall Johnson"]
[PlyCount "78"]
[EventDate "2002.08.30"]

1. d4 Nf6 2. c4 g6 3. Nc3 Bg7 4. e3 O-O 5. Nf3 d5 6. b3 dxc4 $6 7. Bxc4 Nc6 8.
O-O Bg4 9. Be2 Bf5 10. Bb2 Ne4 11. Bd3 Nxc3 12. Bxc3 Bxd3 13. Qxd3 e5 14. Rfd1
Re8 15. dxe5 Qxd3 16. Rxd3 Nxe5 17. Nxe5 Bxe5 18. g3 Bxc3 19. Rxc3 c6 20. h4
Re4 21. Kg2 b5 $4 22. Rxc6 a5 23. Rc5 a4 24. Rxb5 axb3 25. Rxb3 Rea4 26. a3 f5
27. f4 R4a5 28. Kf3 Kf7 29. e4 fxe4+ 30. Kxe4 Ke6 31. Kf3 Kf5 32. g4+ Kf6 33.
Rb6+ Ke7 34. a4 $2 Rxa4 35. Rxa4 Rxa4 36. Rb7+ Kd6 37. Rxh7 Ra3+ 38. Ke2 Rh3 $6
39. Rh6 Kd5 {At this point -- believe it or not -- White offered a draw, which
Black immediately snapped off the table. (The kid may not be a great chess
player, but he's no fool!)} 1/2-1/2

[Event "Michigan Open Reserve"]
[Site "Lansing, MI"]
[Date "2002.09.02"]
[Round "6.14"]
[White "Carr, Jay"]
[Black "Anderson, Neal"]
[Result "1-0"]
[WhiteElo "1600"]
[BlackElo "1355"]
[PlyCount "77"]
[EventDate "2002.08.30"]

1. c4 Nf6 2. Nc3 e6 3. d4 c5 4. Nf3 cxd4 5. Nxd4 Nc6 6. e3 e5 7. Nf3 d6 8. e4
Bg4 9. Be2 Be7 10. O-O O-O 11. b3 Be6 12. a3 a5 13. h3 Qd7 14. Qc2 Kh8 15. Rd1
Ne8 16. Nd5 Bxd5 17. Rxd5 Nc7 18. Rd1 Ne6 19. Bb2 Qc7 20. Rd2 Rad8 21. Rad1 Rg8
22. Bc3 Nf4 23. Bf1 Qc8 24. Kh2 g5 25. c5 g4 26. g3 gxf3 27. cxd6 Bxd6 28. gxf4
Bc7 29. Rxd8 Rxd8 30. Rxd8+ Qxd8 31. Qd3 Qxd3 32. Bxd3 Nd4 33. Bc4 f6 34. f5 b5
35. Bd5 Kg7 36. a4 b4 37. Bd2 Bb8 38. Kg1 Ba7 39. Be1 {Remainder illegible, 70?
} 1-0

[Event "Michigan Open Booster"]
[Site "Lansing, MI"]
[Date "2002.09.02"]
[Round "6.6"]
[White "Bultema, Bob"]
[Black "Culverson, Javin"]
[Result "1-0"]
[WhiteElo "1311"]
[BlackElo "1127"]
[PlyCount "120"]
[EventDate "2002.08.30"]

1. d4 Nf6 2. Nc3 c5 3. d5 e6 4. Bg5 b5 5. e4 b4 6. Na4 Qa5 7. Bxf6 Qxa4 8. b3
Qa3 9. Be5 d6 10. Bf4 e5 11. Be3 Be7 12. Bb5+ Bd7 13. Qd3 O-O 14. Ba4 Bxa4 15.
Bc1 c4 16. Qd1 cxb3 17. Bxa3 bxc2 18. Qd2 bxa3 19. Ne2 h6 20. O-O Bg5 21. Qa5
Bd7 22. Qc7 Rc8 23. Qxd6 Bb5 24. Nc1 Bxf1 25. Kxf1 Bxc1 26. Rxc1 a5 27. Ke2 Na6
28. Qxa3 Nb4 29. Kd2 Kf8 30. Qb2 Rab8 31. a3 Nd3 32. Qxb8 Rxb8 33. Kxd3 Rb3+
34. Kc4 Rxa3 35. Rxc2 Ra4+ 36. Kd3 Rd4+ 37. Kc3 Ke7 38. f3 Kd6 39. Kb3 a4+ 40.
Ka3 f5 41. Rc6+ Kd7 42. exf5 Rxd5 43. Rg6 Ke7 44. Rxg7+ Kf6 45. Rh7 Kxf5 46.
Rxh6 Rd4 47. Rh8 Kf4 48. Rg8 Rd7 49. h4 Rh7 50. Rg4+ Ke3 51. Kxa4 Rh5 52. Kb3
Kd3 53. Re4 Rf5 54. Kb4 Rh5 55. Kc5 Rh8 56. Kd5 Rd8+ 57. Kxe5 Re8+ 58. Kf6 Rf8+
59. Kg7 Ra8 60. g4 Ra7+ {Remainder illegible, 71?} 1-0

[Event "Michigan Open Booster"]
[Site "Lansing, MI"]
[Date "2002.09.02"]
[Round "7.3"]
[White "Buckles, Mark"]
[Black "Feller, Brad"]
[Result "1-0"]
[WhiteElo "1287"]
[BlackElo "1304"]
[PlyCount "103"]
[EventDate "2002.08.30"]

1. d4 g6 2. e4 Bg7 3. Nf3 d6 4. Be3 Bg4 5. c3 Nf6 6. Nbd2 O-O 7. Bc4 c6 8. Bd3
Qc7 9. O-O c5 10. Qa4 a6 11. Rac1 b5 12. Bxb5 Bxf3 13. gxf3 Qb7 14. Bc4 cxd4
15. cxd4 d5 16. Qb3 Qxb3 17. Bxb3 dxe4 18. fxe4 Ng4 19. Rc7 a5 20. Rxe7 Nc6 21.
Rd7 Rad8 22. Rxd8 Rxd8 23. h3 Nh6 24. d5 Nb4 25. Nc4 Ra8 26. Rd1 a4 27. a3 axb3
28. axb4 Rc8 29. Bc5 Bf8 30. Bxf8 Kxf8 31. Rd4 Ng8 32. e5 Ne7 33. d6 Nc6 34. d7
Rd8 35. Rd6 Nb8 36. Nb6 Ke7 37. Nd5+ Kf8 38. Nf6 h5 39. Kf1 Ke7 40. Ke2 Nxd7
41. Rxd7+ Rxd7 42. Nxd7 Kxd7 43. Kd3 Ke6 44. Kd4 Kf5 45. b5 Kg5 46. b6 Kh4 47.
b7 Kxh3 48. b8=Q Kg2 49. Qxb3 h4 50. Ke4 g5 51. Qf3+ Kf1 52. Ke3 1-0

[Event "Michigan Open Booster"]
[Site "Lansing, MI"]
[Date "2002.09.02"]
[Round "6.8"]
[White "Brooks, Randall"]
[Black "Gladieux, Kate"]
[Result "1-0"]
[WhiteElo "1240"]
[BlackElo "773"]
[PlyCount "79"]
[EventDate "2002.08.30"]

1. e4 e5 2. Nf3 d6 3. Bc4 Nf6 4. Ng5 d5 5. exd5 Nxd5 6. Nxf7 Kxf7 7. Qf3+ Ke7
8. Bxd5 Nd7 9. Qf7+ Kd6 10. Qe6+ Kc5 11. c3 c6 12. d4+ exd4 13. cxd4+ Kb6 14.
Be4 Nf6 15. Qb3+ Kc7 16. Nc3 Nxe4 17. Nxe4 Qxd4 18. Bf4+ Kd7 19. Rd1 Qxd1+ 20.
Qxd1+ Ke8 21. O-O Be7 22. Re1 Kf7 23. Nd6+ Bxd6 24. Qxd6 Rf8 25. Re7+ Kg8 26.
Rxg7+ Kxg7 27. Bh6+ Kf7 28. Qxf8+ Ke6 29. Qg8+ Kd6 30. Qxh7 b5 31. h4 Kc5 32.
Be3+ Kd6 33. Bxa7 Bd7 34. Bc5+ Kc7 35. a3 Ra6 36. h5 b4 37. Bxb4 Ra8 38. h6 Rb8
39. Bc3 Rc8 40. Qg7 1-0

[Event "Michigan Open"]
[Site "Lansing, MI"]
[Date "2002.09.02"]
[Round "6.14"]
[White "Bolda, Dan H"]
[Black "Thomas, Henry"]
[Result "1/2-1/2"]
[WhiteElo "1975"]
[BlackElo "1774"]
[PlyCount "86"]
[EventDate "2002.08.30"]

1. d4 f5 2. Bg5 h6 3. Bh4 g5 4. Bg3 c5 5. e3 Bg7 6. Qh5+ Kf8 7. Bc4 d5 8. Bb3
cxd4 9. Nf3 dxe3 10. Ne5 exf2+ 11. Kf1 Bxe5 12. Bxe5 Nf6 13. Qg6 Nc6 14. Bxf6
exf6 15. Nc3 Ne5 16. Qh5 Be6 17. Rd1 Bf7 18. Qh3 Kg7 19. Nxd5 g4 20. Qh4 Ng6
21. Qxf2 Ne7 22. Ne3 Qa5 23. Bxf7 Kxf7 24. a3 Rhd8 25. Rd3 Rxd3 26. cxd3 Rd8
27. Qc2 Qb5 28. Ke2 Qe5 29. Kf2 Rd4 30. Qb3+ Nd5 31. Nxd5 Qxd5 32. Qxd5+ Rxd5
33. Rd1 f4 34. Rc1 Ke6 35. Rc7 Rd7 36. Rc4 Ke5 37. Re4+ Kf5 38. Ke2 f3+ 39.
gxf3 gxf3+ 40. Ke3 f2 41. Rf4+ Ke5 42. Rxf2 Rd4 43. b4 Rh4 1/2-1/2

[Event "Michigan Open Reserve"]
[Site "Lansing, MI"]
[Date "2002.09.02"]
[Round "7.21"]
[White "Bolda, Dan G"]
[Black "Saylor, Oliver"]
[Result "1-0"]
[WhiteElo "1600"]
[BlackElo "1414"]
[PlyCount "33"]
[EventDate "2002.08.30"]

1. d4 d5 2. c4 c6 3. cxd5 cxd5 4. Nc3 Nf6 5. Bf4 e6 6. e3 Bb4 7. Bb5+ Bd7 8.
Qa4 Be7 9. Nf3 Nc6 10. Qc2 O-O 11. a3 a6 12. Bd3 b5 13. O-O h6 14. h3 Bc8 15.
Nxb5 axb5 16. Qxc6 Rb8 17. Bxb8 1-0

[Event "Michigan Open Reserve"]
[Site "Lansing, MI"]
[Date "2002.09.02"]
[Round "6.15"]
[White "Beshore, Brad"]
[Black "Schell, Ken"]
[Result "1-0"]
[WhiteElo "1748"]
[BlackElo "1500"]
[PlyCount "31"]
[EventDate "2002.08.30"]

1. g3 d5 2. Bg2 Nf6 3. d4 g6 4. Nf3 Bg7 5. O-O O-O 6. Bg5 h6 7. Bxf6 Bxf6 8. c4
c6 9. h3 Qb6 10. Qd2 Bg7 11. cxd5 cxd5 12. Nc3 Bd7 13. Nxd5 Qd6 14. Nc3 Nc6 15.
Rad1 Bf5 16. e4 1-0

[Event "Michigan Open"]
[Site "Lansing, MI"]
[Date "2002.09.02"]
[Round "7.5"]
[White "Bailey, Greg"]
[Black "Hankinson, Chris"]
[Result "0-1"]
[WhiteElo "1950"]
[BlackElo "2115"]
[PlyCount "82"]
[EventDate "2002.08.30"]

1. f4 e5 2. fxe5 d6 3. exd6 Nc6 4. dxc7 Qxc7 5. e3 Bd6 6. Nf3 Bg4 7. Nc3 Bxh2
8. Be2 Bg3+ 9. Kf1 Nf6 10. d3 h5 11. Nb5 Qb6 12. Nfd4 Ne5 13. Bxg4 Nfxg4 14.
Qe2 Rh6 15. Nc3 Rf6+ 16. Nf3 Nh2+ 17. Rxh2 Bxh2 18. Nd5 Qd6 19. Nxf6+ Qxf6 20.
d4 Nd7 21. Qb5 O-O-O 22. Qxh5 Bc7 23. b3 g6 24. Qg5 Qc6 25. c4 Qe4 26. Bd2 Rh8
27. Rc1 Rh5 28. Qxh5 gxh5 29. Ke2 Qg4 30. Kf1 Nf6 31. Be1 Ne4 32. Rc2 Qf5 33.
Re2 Bg3 34. Kg1 Bxe1 35. Rxe1 h4 36. Rf1 Ng3 37. Re1 Qc2 38. d5 Ne4 39. Rf1 Qe2
40. Nxh4 Qxe3+ 41. Kh1 Ng3+ 0-1

[Event "Michigan Open Booster"]
[Site "Lansing, MI"]
[Date "2002.09.02"]
[Round "7.10"]
[White "Avery, James"]
[Black "Tyle, Sujay"]
[Result "1-0"]
[WhiteElo "744"]
[BlackElo "999"]
[PlyCount "69"]
[EventDate "2002.08.30"]

1. e4 e5 2. Nf3 Nc6 3. Be2 Nf6 4. Nc3 Bc5 5. O-O d6 6. b3 Bg4 7. h3 Bxf3 8.
Bxf3 Bb4 9. Bb2 Bxc3 10. Bxc3 Nd4 11. Bxd4 exd4 12. Re1 c6 13. e5 dxe5 14.
Rxe5+ Kf8 15. Qe2 Nd7 16. Re4 Nf6 17. Rf4 g5 18. Rf5 h6 19. Qc4 b5 20. Qxc6 Rb8
21. Rxf6 Rb6 22. Qc5+ Qe7 23. Qxe7+ Kxe7 24. Rxb6 axb6 25. Re1+ Kf8 26. d3 Kg7
27. Re4 Rc8 28. Bd1 Rd8 29. Kh2 f5 30. Re5 Ra8 31. Rxf5 Rxa2 32. Rxb5 Ra1 33.
Bf3 Rf1 34. Kg3 Rd1 35. Bxd1 1-0

[Event "Michigan Open Reserve"]
[Site "Lansing, MI"]
[Date "2002.09.02"]
[Round "7.3"]
[White "Avery, Bill"]
[Black "LeMaster, Terry"]
[Result "1-0"]
[WhiteElo "1658"]
[BlackElo "1784"]
[PlyCount "81"]
[EventDate "2002.08.30"]

1. d4 Nf6 2. Nf3 g6 3. Bf4 Bg7 4. e3 d6 5. Be2 O-O 6. O-O Nh5 7. Bg5 Nd7 8. Ne1
Nhf6 9. h3 c5 10. c3 Rb8 11. a4 Qc7 12. Nd2 b6 13. Nef3 Bb7 14. Bf4 a6 15. Rc1
b5 16. axb5 axb5 17. Ra1 Rfe8 18. Nb3 b4 19. Na5 bxc3 20. bxc3 Nd5 21. Bh2 Nxc3
22. Qd2 Nxe2+ 23. Qxe2 Ba8 24. Rfc1 Rb4 25. Qd2 Reb8 26. Nc4 Bd5 27. Na3 Qb7
28. Nc2 Rb2 29. Nfe1 c4 30. f3 Bh6 31. Qf2 c3 32. Qh4 Kg7 33. Qxe7 Nc5 34. Qxd6
Nb3 35. Be5+ f6 36. Qxf6+ Kg8 37. Qh8+ Kf7 38. Qxh7+ Ke8 39. Qh8+ Kd7 40. Qh7+
Kc6 41. Qxg6+ 1-0

[Event "Michigan Open Reserve"]
[Site "Lansing, MI"]
[Date "2002.09.02"]
[Round "7.27"]
[White "Asbury, Victor"]
[Black "Johnson, Marshall"]
[Result "1-0"]
[WhiteElo "1557"]
[BlackElo "1362"]
[Annotator "Marshall Johnson, Don Vandivier"]
[PlyCount "83"]
[EventDate "2002.08.30"]

{King's Indian} 1. c4 Nf6 2. Nc3 g6 3. d4 c5 4. d5 a6 5. a4 Qa5 $6 {DV: This
move does nothing but put the Black queen on a bad square.} 6. Bd2 {DV:
Correct.} Bg7 7. Nf3 d6 8. e4 O-O 9. g3 Nbd7 10. Bg2 Qb4 11. b3 Qb6 12. O-O Qc7
13. Qc2 {DV: I would like to point out that Black has moved his queen 4 times
now.} b5 $2 14. axb5 Nb6 15. bxa6 Bxa6 16. Ra2 Qb7 $6 ({DV: The Black
white-squared bishop needs it's space. Either} 16... Ra7 {to double the rooks
or}) (16... Bb7 {was preferable.}) 17. Rfa1 Rfb8 18. e5 Ng4 19. exd6 exd6 20.
Bf4 Nxc4 $2 {DV: I think Black was starting to feel the pressure.} 21. bxc4
Bxc4 22. Rxa8 Rxa8 23. Rxa8+ Qxa8 24. Qa4 $2 ({DV:} 24. Bxd6) 24... Bxd5 $1 25.
Qxa8+ Bxa8 26. Na4 Ne5 $2 ({MJ: Much better is:} 26... Bxf3 27. Bxf3 Ne5 $16 {
Fritz}) 27. Nxe5 Bxg2 28. Kxg2 dxe5 29. Be3 c4 30. Kf1 f5 31. Ke2 Kf7 32. Kd2
e4 33. Kc2 h6 34. Nb6 c3 35. Nd5 g5 36. Nxc3 Bxc3 37. Kxc3 Kg6 38. Kd4 Kh5 39.
Ke5 Kg4 40. h3+ Kxh3 41. Kxf5 g4 42. Bxh6 1-0

[Event "Michigan Open Booster"]
[Site "Lansing, MI"]
[Date "2002.09.02"]
[Round "7.16"]
[White "Anderson, Patrick"]
[Black "Cox, Daniel"]
[Result "1-0"]
[WhiteElo "100"]
[BlackElo "912"]
[PlyCount "36"]
[EventDate "2002.08.30"]

1. d4 d5 2. c4 dxc4 3. e3 Nf6 4. Nf3 e6 5. Bxc4 Bd6 6. O-O O-O 7. Nc3 Nc6 8. b3
Ne7 9. Re1 c6 10. a4 Ned5 11. Nxd5 exd5 12. Bd3 Bd7 13. Ba3 Bxa3 14. Rxa3 Rc8
15. Ne5 Rc7 16. b4 Ne4 17. Bxe4 dxe4 18. b5 Bf5 {Remainder illegible} 1-0

[Event "Michigan Open Reserve"]
[Site "Lansing, MI"]
[Date "2002.09.02"]
[Round "7.20"]
[White "Anderson, Neal"]
[Black "Aldrich, Justin"]
[Result "1/2-1/2"]
[WhiteElo "1355"]
[BlackElo "1610"]
[PlyCount "94"]
[EventDate "2002.08.30"]

1. d4 d5 2. c4 c6 3. Nf3 Nf6 4. Nc3 dxc4 5. e4 b5 6. Qc2 Bg4 7. Be3 Qa5 8. Be2
b4 9. Nd1 b3+ 10. Qc3 Qa4 11. Bxc4 Nxe4 12. Qxb3 Qxb3 13. Bxb3 e6 14. a3 Bxf3
15. gxf3 Nd6 16. Nc3 Nd7 17. Ba4 Rb8 18. Bxc6 Rxb2 19. Na4 Rb8 20. Nc5 Rd8 21.
Nxd7 Rxd7 22. Bxd7+ Kxd7 23. a4 Nf5 24. Ke2 Bd6 25. h3 a5 26. Rab1 Bb4 27. Rhd1
Rc8 28. Rbc1 Rb8 29. d5 Bd6 30. dxe6+ Kxe6 31. Rc6 Rb2+ 32. Rd2 Rxd2+ 33. Kxd2
f6 34. Kd3 Kd5 35. Ra6 Bb4 36. Bd2 Nd6 37. Bxb4 axb4 38. Rxd6+ Kxd6 39. Kc4 Kc6
40. Kxb4 g5 41. a5 h5 42. a6 f5 43. a7 Kb7 44. a8=Q+ Kxa8 45. Kc5 g4 46. h4 f4
47. Kd4 g3 1/2-1/2

[Event "Michigan Open Booster"]
[Site "Lansing, MI"]
[Date "2002.09.02"]
[Round "6.3"]
[White "Almasy, Roy"]
[Black "Clark, Richard"]
[Result "1-0"]
[WhiteElo "1333"]
[BlackElo "1213"]
[PlyCount "55"]
[EventDate "2002.08.30"]

1. e4 b6 2. Nf3 Bb7 3. Nc3 d6 4. Bc4 Nf6 5. e5 dxe5 6. Nxe5 e6 7. O-O Be7 8.
Re1 O-O 9. Bd3 Nbd7 10. b3 Bd6 11. Ng4 Nxg4 12. Qxg4 Ne5 13. Bxh7+ Kxh7 14.
Rxe5 Bxe5 15. Qh5+ Kg8 16. Qxe5 Qe7 17. Bb2 f6 18. Qg3 Rad8 19. d3 a6 20. Ne2
Rd7 21. Nf4 Qd6 22. Re1 Bd5 23. Qg4 e5 24. Ba3 c5 25. Ng6 Re8 26. Qh5 Kf7 27.
Nxe5+ Kf8 28. Ng6+ 1-0

[Event "Michigan Open Reserve"]
[Site "Lansing, MI"]
[Date "2002.09.02"]
[Round "6.17"]
[White "Aldrich, Justin"]
[Black "Gattinger, John"]
[Result "0-1"]
[WhiteElo "1610"]
[BlackElo "1488"]
[PlyCount "152"]
[EventDate "2002.08.30"]

1. e4 c6 2. Nf3 d5 3. exd5 cxd5 4. d4 Bg4 5. c3 Bxf3 6. Qxf3 e6 7. Bd3 Bd6 8.
O-O Qf6 9. Qg4 h5 10. Qg5 Qxg5 11. Bxg5 f5 12. Re1 Kf7 13. c4 Be7 14. cxd5 Bxg5
15. dxe6+ Kg6 16. d5 Be7 17. Nc3 a6 18. Re5 Nh6 19. Ne2 Kf6 20. Re3 Ng4 21. Rf3
g6 22. Rc1 Bd6 23. Nc3 Ke7 24. Na4 a5 25. Nb6 Na6 26. Nxa8 Rxa8 27. Bxa6 Rxa6
28. Rb3 Ra7 29. Rc8 Nf6 30. Rb5 b6 31. Rc1 Bc5 32. Rd1 Kd6 33. a3 a4 34. b4
axb3 35. Rxb3 Rxa3 36. Rxa3 Bxa3 37. f3 Bc5+ 38. Kf1 b5 39. f4 Ng4 40. Re1 Ne3+
41. Ke2 Nxd5 42. Kf3 h4 43. g3 hxg3 44. hxg3 Ne3 45. Rc1 Nc4 46. g4 Be3 47. e7
Kxe7 48. Re1 fxg4+ 49. Kxg4 Kf6 50. Rb1 Nd6 51. Rd1 Nf5 52. Rb1 Nd4 53. Rb4 Bf2
54. Rb1 Be3 55. Rb4 Ke6 56. Kg5 Kd5 57. Kxg6 Bxf4 58. Rxb5+ Nxb5 59. Kf5 Be5
60. Kg5 Nd6 61. Kg4 Ke4 62. Kg5 Nc8 63. Kg6 Kf4 64. Kf7 Kf5 65. Ke8 Ke6 66. Kd8
Nb6 67. Ke8 Bf6 68. Kf8 Nc8 69. Ke8 Nd6+ 70. Kf8 Kf5 71. Kg8 Kg6 72. Kf8 Bg5
73. Kg8 Bh6 74. Kh8 Nf5 75. Kg8 Ne7+ 76. Kh8 Bg7# 0-1

[Event "Michigan Open"]
[Site "Lansing, MI"]
[Date "2002.09.02"]
[Round "7.15"]
[White "Aldrich, Jeff"]
[Black "Skidmore, Jennifer"]
[Result "1-0"]
[WhiteElo "1907"]
[BlackElo "1843"]
[PlyCount "59"]
[EventDate "2002.08.30"]

1. d4 d5 2. c4 e6 3. Nc3 c6 4. Nf3 Bd6 5. e4 Ne7 6. e5 Bb4 7. Qc2 O-O 8. Bd3
Ng6 9. h4 f5 10. exf6 Rxf6 11. Bg5 Nf8 12. Bxf6 Qxf6 13. O-O-O Nbd7 14. Kb1 b6
15. cxd5 cxd5 16. Ng5 h6 17. Nh7 Qxd4 18. Nxf8 Kxf8 19. Nb5 Qf6 20. f4 Be7 21.
Nc7 Rb8 22. g4 Bd6 23. g5 Qe7 24. gxh6 gxh6 25. f5 Nf6 26. Nxe6+ Bxe6 27. fxe6
Qxe6 28. Rdf1 Be5 29. Qe2 Rb7 30. Rf5 1-0

[Event "Michigan Open Booster"]
[Site "Lansing, MI"]
[Date "2002.09.02"]
[Round "6.2"]
[White "Aguilar, Javier"]
[Black "Bultema, Luke"]
[Result "0-1"]
[WhiteElo "1213"]
[BlackElo "1221"]
[PlyCount "114"]
[EventDate "2002.08.30"]

1. d4 b6 2. c4 Bb7 3. Nc3 e6 4. a3 Nf6 5. Bg5 c5 6. d5 g6 7. dxe6 fxe6 8. Nf3
Bxf3 9. exf3 Be7 10. Qc2 Nc6 11. Be3 Qc7 12. Bd3 d5 13. cxd5 exd5 14. Ne2 c4
15. Bxg6+ hxg6 16. Qxg6+ Kd7 17. Bf4 Qb7 18. Qf5+ Kd8 19. Bg5 Qd7 20. Qf4 Qe6
21. Qe3 Qxe3 22. fxe3 Rg8 23. h4 Kd7 24. g4 Ne5 25. Nd4 Rh8 26. Ke2 Raf8 27.
Rad1 Nd3 28. b3 Nxg4 29. Rdf1 Bxg5 30. hxg5 Rxh1 31. Rxh1 Nge5 32. Rh7+ Kd6 33.
Rh6+ Kd7 34. Rh7+ Kd6 35. Rh6+ Kd7 36. Rh7+ Rf7 37. Rxf7+ Nxf7 38. f4 Nc1+ 39.
Kd2 Nxb3+ 40. Nxb3 cxb3 41. Kc3 Ke6 42. Kxb3 Kf5 43. Kc3 Ke4 44. g6 Nh6 45. g7
Kxe3 46. f5 Ng8 47. Kc2 d4 48. Kd1 a6 49. a4 b5 50. axb5 axb5 51. f6 Nxf6 52.
g8=Q Nxg8 53. Ke1 Nf6 54. Kd1 Ne4 55. Ke1 d3 56. Kd1 d2 57. Kc2 Ke2 0-1

[Event "Quadzilla vs Pawnthra.4"]
[Site "Flint, MI"]
[Date "2002.10.05"]
[Round "1"]
[White "Layman, Daniel"]
[Black "Poniatowski, Don"]
[Result "0-1"]
[WhiteElo "1320"]
[BlackElo "1165"]
[PlyCount "70"]
[EventDate "2002.10.05"]

1. e4 c6 2. Nf3 d5 3. Nc3 dxe4 4. Nxe4 Bf5 5. Ng3 Bg6 6. d4 Nd7 7. Bd3 Bxd3 8.
Qxd3 e6 9. O-O Ngf6 10. Bg5 Be7 11. Bxf6 Nxf6 12. h3 O-O 13. Ng5 h6 14. N5e4
Re8 15. Nxf6+ Bxf6 16. c3 c5 17. Ne4 cxd4 18. Nxf6+ Qxf6 19. Qxd4 Qxd4 20. cxd4
Rac8 21. Rac1 Red8 22. Rfd1 Kf8 23. Rxc8 Rxc8 24. Rd2 Ke7 25. f4 f5 26. g4 fxg4
27. hxg4 g5 28. fxg5 hxg5 29. Kf2 Kd6 30. Ke3 Kd5 31. Rd3 Rh8 32. Rd2 Rh3+ 33.
Kf2 Rh2+ 34. Ke3 Rxd2 35. Kxd2 Kxd4 0-1

[Event "Quadzilla vs Pawnthra.2"]
[Site "Flint, MI"]
[Date "2002.10.05"]
[Round "2"]
[White "Gregory, Kevin"]
[Black "Aldrich, Jeff"]
[Result "1/2-1/2"]
[WhiteElo "1780"]
[BlackElo "1921"]
[PlyCount "66"]
[EventDate "2002.10.05"]

1. e4 c6 2. d4 d5 3. exd5 cxd5 4. Bd3 Nc6 5. c3 Qc7 6. Nf3 Bg4 7. Nbd2 e6 8.
Qa4 Bd6 9. h3 Bh5 10. O-O Nf6 11. Re1 O-O 12. Qc2 Rac8 13. g4 Bg6 14. Nf1 b5
15. Bxg6 hxg6 16. a3 a5 17. Bd2 Qb6 18. Qd3 b4 19. axb4 axb4 20. Ra6 Qb7 21.
Rea1 bxc3 22. bxc3 Rb8 23. Ne3 Rfc8 24. Nd1 Qb3 25. Qe2 Ne4 26. Be1 e5 27. dxe5
Nxe5 28. Nxe5 Bxe5 29. R6a3 Qb6 30. Ra6 Qc7 31. Ra7 Bh2+ 32. Kh1 Qf4 33. f3 Bg3
$138 1/2-1/2

[Event "Quadzilla vs Pawnthra.2"]
[Site "Flint, MI"]
[Date "2002.10.05"]
[Round "3"]
[White "Aldrich, Jeff"]
[Black "Skidmore, Mike"]
[Result "0-1"]
[WhiteElo "1921"]
[BlackElo "1857"]
[PlyCount "62"]
[EventDate "2002.10.05"]

1. d4 g6 2. c4 Bg7 3. Nc3 Nf6 4. e4 d6 5. f3 O-O 6. Be3 h6 7. Qd2 Kh7 8. Be2
Bd7 9. h4 Nc6 10. g4 e5 11. d5 Nd4 12. O-O-O a6 13. g5 Nh5 14. Nh3 Bxh3 15.
Rxh3 Qd7 16. Rdh1 b5 17. Bd1 c5 18. dxc6 Qxc6 19. gxh6 Bh8 20. f4 Nxf4 21. Bxf4
exf4 22. Qxf4 b4 23. Nd5 Qxc4+ 24. Kb1 Rac8 25. Bb3 Nxb3 26. axb3 Qd4 27. R3h2
Be5 28. Qf3 Bxh2 29. Rxh2 Qg1+ 30. Ka2 Rc1 31. Nf6+ Kh8 0-1

[Event "Quadzilla vs Pawnthra.2"]
[Site "Flint, MI"]
[Date "2002.10.05"]
[Round "1"]
[White "Aldrich, Jeff"]
[Black "Maul, Tim"]
[Result "1-0"]
[WhiteElo "1921"]
[BlackElo "1635"]
[PlyCount "88"]
[EventDate "2002.10.05"]

1. d4 Nf6 2. c4 e6 3. Nc3 Bb4 4. Qc2 O-O 5. Nf3 h6 6. e3 c5 7. Bd3 cxd4 8. exd4
d5 9. cxd5 Nxd5 10. O-O Nc6 11. Be3 Nce7 12. a3 Ba5 13. Ne4 Nxe3 14. fxe3 Nd5
15. Qe2 Bc7 16. Kh1 Bd7 17. Ng3 Bc6 18. Ne5 Be8 19. Qf3 Qe7 20. Rae1 Bb6 21.
Ng4 Qg5 22. Ne4 Qe7 23. Qg3 Kh8 24. Qh3 f5 25. Nxh6 gxh6 26. Qxh6+ Kg8 27. Rf3
Rf7 28. Ng5 Rh7 29. Nxh7 Qxh7 30. Rg3+ Bg6 31. Rxg6+ Kh8 32. Qg5 Rg8 33. Rxg8+
Qxg8 34. Qh6+ Qh7 35. Qxe6 Bc7 36. h3 Qe7 37. Qxd5 Qd6 38. Qxd6 Bxd6 39. Bxf5
Bg3 40. Re2 Kg7 41. e4 Kf7 42. e5 Ke7 43. d5 Bf4 44. d6+ Kd8 1-0

[Event "Michigan Amateur"]
[Site "Kalamazoo, MI"]
[Date "2002.10.19"]
[Round "2.19"]
[White "Wohlgamuth, Nathan"]
[Black "Semerciyan, Sebuh"]
[Result "0-1"]
[WhiteElo "742"]
[BlackElo "1273"]
[PlyCount "48"]
[EventDate "2002.10.19"]

1. d4 d5 2. Nc3 e6 3. e4 Bb4 4. Bd2 Nc6 5. Nf3 Bd7 6. e5 h6 7. Be2 Nge7 8. a3
Ba5 9. b4 Bb6 10. Nb5 a6 11. Nc3 Nxd4 12. Nxd4 Bxd4 13. O-O Bxe5 14. Qe1 Ng6
15. Bd3 Bf6 16. Bxg6 fxg6 17. Nxd5 Bxa1 18. Qxa1 O-O 19. Nf4 Rf7 20. Nxg6 Bb5
21. Rd1 Qf6 22. Ne5 Qxf2+ 23. Kh1 Bf1 24. Nxf7 Qxg2# 0-1